000 00460nam a2200169Ia 4500
008 260407s2023 xx 000 0 und d
041 _aeng
082 _a621.38/GAN
_b12234
100 _aDR. S.N. GANDHI
245 _aADVANCED INSTRUMENTATION TECHNIQUES
250 _a1ST
260 _aPUNE
_bTECHNICAL PUB
_c2023
300 _a6.36p
650 _aADVANCED INSTRUMENTATION TECHNIQUES
650 _aPHARMACEUTICAL CHEMISTRY
700 _aDR.S.B. KANTHALE
999 _c1219726
_d1219726